000 00693nam a2200205 i 4500
001 100204
003 ES-MaACL
005 20230906182628.0
007 t|
008 050922s1953 sp ||||1| spa d
100 1 _aMartón e Izaguirre, Jerónimo.
_978525
245 1 0 _aOvejas y cabras
_b: (explotación del ganado e industrias de la leche y el queso) /
_cJerónimo Martón e Izaguirre.
250 _a[2ª ed.].
260 _aMadrid :
_bEdiciones Ibéricas,
_c1953.
300 _a66 p. ;
_c19 cm.
490 1 _aPequeña enciclopedia práctica ;
_v99
830 0 _aPequeña enciclopedia práctica ;
_v99
_9182473
852 _aES-MaACL
_j1957-F-10
_bR.34353
999 _c100204
_d100204